| 000 | 00374nam a2200157Ia 4500 | ||
|---|---|---|---|
| 008 | 230917s9999||||xx |||||||||||||| ||und|| | ||
| 020 | _cRS30 | ||
| 040 |
_e24176 _aMAIN |
||
| 041 | _aEnglish | ||
| 082 | _a309 M999O | ||
| 100 | _aMyrdal, Gunnar | ||
| 245 | 0 | _aObjectivity in social research | |
| 260 |
_aLondon _bGerald Duckworth _c1969 |
||
| 300 | _a111 p. | ||
| 942 | _cBK | ||
| 999 |
_c63800 _d63800 |
||